01847cam a2200397 a 45000010009000000050017000090080041000260100017000670200043000840350020001270400023001470420008001700500023001780600012002010820014002131000022002272450186002492600040004353000046004754900038005215040066005595050362006256500032009876500030010196500031010496500023010806500026011036500018011296500024011476500014011718300032011859060045012179420012012629990017012749520158012911644198220170105102350.0100830s2012 maua b 001 0 eng  a 2010036051 a9780262015370 (hardcover : alk. paper) a(DNLM)101539268 aDNLM/DLCcDLCdDLC apcc00aQP357.5b.S35 201210aWL 26.500a612.82221 aSchiff, Steven J.10aNeural control engineering : the emerging intersection between control theory and neurosciencebthe emerging intersection between control theory and neuroscience cSteven J. Schiff. aCambridge, MA :bMIT Press,cc2012. axvi, 361 p. :bill. (some col.) ;c24 cm.1 aComputational neuroscience series aIncludes bibliographical references (p. [337]-356) and index.0 aKalman fitering -- The Hodgkin-Huxley equations -- Simplified neuronal models -- Bridging from Kalman to neuron -- Spatiotemporal cortical dynamics : the Wilson Cowan equations -- Empirical models -- Model inadequacy -- Brain machine interfaces -- Parkinson's disease -- Control systems with electrical fields -- Assimilating seizures -- Assimilating minds. 0aComputational neuroscience. 0aNonlinear control theory.12aNeural Networks (Computer)22aBrainxphysiology.22aModels, Neurological.22aNeuroscience.22aNonlinear Dynamics.22aRobotics. 0aComputational neuroscience. a7bcbccorignewd1eecipf20gy-gencatlg 2ddccBK c11893d11893 001040708NFICaCLbCLcGENd2013-06-01eProgressive International Agenciesg4430.97l1o612.8 SCHpSEECS012401r2015-09-06s2014-10-01w2013-06-06yBK